Political thought. : (Record no. 589)

MARC details
000 -LEADER
fixed length control field 00546cam a2200217ua 4500
008 - FIXED-LENGTH DATA ELEMENTS--GENERAL INFORMATION
fixed length control field 110412n ii |||gr||||Z||||||eng
020 ## - INTERNATIONAL STANDARD BOOK NUMBER
International Standard Book Number 81-200-0340-4
020 ## - INTERNATIONAL STANDARD BOOK NUMBER
International Standard Book Number 81-200-0352-7
020 ## - INTERNATIONAL STANDARD BOOK NUMBER
International Standard Book Number 81-200-0353-5
040 ## - CATALOGING SOURCE
Transcribing agency MAIN
082 ## - DEWEY DECIMAL CLASSIFICATION NUMBER
Classification number 320.5
245 11 - TITLE STATEMENT
Title Political thought. :
Remainder of title ancient & medieval. /
Statement of responsibility, etc. By J C Johari.
250 ## - EDITION STATEMENT
Edition statement 5th.
260 ## - PUBLICATION, DISTRIBUTION, ETC.
Place of publication, distribution, etc. New Delhi.:
Name of publisher, distributor, etc. Metropolitan.,995.
300 ## - PHYSICAL DESCRIPTION
Extent 355 p.:5 cm.
700 1# - ADDED ENTRY--PERSONAL NAME
Personal name Johari, J C.,
942 ## - ADDED ENTRY ELEMENTS (KOHA)
Koha item type Books
653 ## - INDEX TERM--UNCONTROLLED
Uncontrolled term Political science.
653 ## - INDEX TERM--UNCONTROLLED
Uncontrolled term Political thought.
Holdings
Withdrawn status Lost status Damaged status Not for loan Home library Current library Shelving location Date acquired Total Checkouts Full call number Barcode Date last seen Copy number Price effective from Koha item type
        Central Library, Naharkatiya College Central Library, Naharkatiya College   19/09/2020   320.5 | JOH 15799 19/09/2020 1 19/09/2020 Books

Naharkatiya College © 2020. All rights reserved.

Powered By